Flags of South America - Statistics

General Stats
  • This quiz has been taken 248 times
  • The average score is 11 of 12
Answer Stats
Picture Answer % Correct
Argentina
99%
Brazil
97%
Chile
96%
Colombia
95%
Uruguay
95%
Ecuador
93%
Peru
93%
Venezuela
93%
Paraguay
92%
Bolivia
90%
Guyana
88%
Suriname
88%
No matching quizzes found
Score Distribution
Percent of People with Each Score
Percentile by Number Answered
Your Score History
You have not taken this quiz